Exploring the Phenomenon of Victim Blaming Toward Women With an Intimate Partner Violence Experience and the Role of Empathy

Women who have experienced intimate partner violence (IPV) often encounter victim blaming from the general population, where individuals attribute responsibility to the victim’s behavior for the violent episode. This phenomenon is influenced by levels of empathy, with lower empathy correlating with...

Full description

Saved in:  
Bibliographic Details
Authors: Taccini, Federica (Author) ; Mannarini, Stefania (Author)
Format: Electronic Article
Language:English
Published: 2025
In: Journal of interpersonal violence
Year: 2025, Volume: 40, Issue: 23/24, Pages: 5427-5452
Online Access: Volltext (lizenzpflichtig)
Check availability: HBZ Gateway
Keywords:

MARC

LEADER 00000caa a22000002c 4500
001 1941668038
003 DE-627
005 20251217143211.0
007 cr uuu---uuuuu
008 251120s2025 xx |||||o 00| ||eng c
024 7 |a 10.1177/08862605241307224  |2 doi 
035 |a (DE-627)1941668038 
035 |a (DE-599)KXP1941668038 
040 |a DE-627  |b ger  |c DE-627  |e rda 
041 |a eng 
084 |a 2,1  |2 ssgn 
100 1 |a Taccini, Federica  |e VerfasserIn  |0 (orcid)0000-0002-5169-3324  |4 aut 
245 1 0 |a Exploring the Phenomenon of Victim Blaming Toward Women With an Intimate Partner Violence Experience and the Role of Empathy 
264 1 |c 2025 
336 |a Text  |b txt  |2 rdacontent 
337 |a Computermedien  |b c  |2 rdamedia 
338 |a Online-Ressource  |b cr  |2 rdacarrier 
520 |a Women who have experienced intimate partner violence (IPV) often encounter victim blaming from the general population, where individuals attribute responsibility to the victim’s behavior for the violent episode. This phenomenon is influenced by levels of empathy, with lower empathy correlating with a higher likelihood of blaming women exposed to partner violence. Two studies were conducted. The aim of the first study was to explore the general population’s perceptions of IPV severity, inclination to excuse the perpetrator, and tendency to blame women. The second objective was to investigate the predictive role of empathy in victim blaming. Study One (N = 5,834) was conducted using a vignette methodology to assess victim blaming, minimization of depicted violence, excusing the perpetrator, and perceptions of violence severity. Specifically, five vignettes were used: one was the “Control Vignette,” depicting a police officer responding to a neighbor’s call about a physical altercation between two partners, resulting in visible injuries to the woman. This vignette was then manipulated by adding different pieces of information in four other vignettes: a “Cheating Episode Vignette”; a “Reaction Vignette”; a “Financial Stressor Vignette”; and an “Alcohol Abuse Vignette.” Study Two (N = 7,236) was conducted using a mediational analysis. Results revealed increased tendencies to blame women for violence, particularly in scenarios involving infidelity and reaction from the woman. The second study confirmed empathy’s predictive role in victim blaming, highlighting the intricate interplay of empathy, perception of violence, and blame assignment. These findings underscore the importance of promoting empathy for a compassionate and responsible society, suggesting that fostering empathy could contribute to reducing victim-blaming tendencies. 
650 4 |a Empathy 
650 4 |a Intimate Partner Violence 
650 4 |a victim blame 
700 1 |a Mannarini, Stefania  |e VerfasserIn  |0 (orcid)0000-0002-8446-785X  |4 aut 
773 0 8 |i Enthalten in  |t Journal of interpersonal violence  |d London [u.a.] : Sage, 1986  |g 40(2025), 23/24, Seite 5427-5452  |h Online-Ressource  |w (DE-627)324614721  |w (DE-600)2028900-5  |w (DE-576)276556305  |x 1552-6518  |7 nnas 
773 1 8 |g volume:40  |g year:2025  |g number:23/24  |g pages:5427-5452 
856 4 0 |u https://doi.org/10.1177/08862605241307224  |x Resolving-System  |z lizenzpflichtig  |3 Volltext  |7 1 
935 |a mkri 
951 |a AR 
ELC |a 1 
LOK |0 000 xxxxxcx a22 zn 4500 
LOK |0 001 4809081109 
LOK |0 003 DE-627 
LOK |0 004 1941668038 
LOK |0 005 20251120043606 
LOK |0 008 251120||||||||||||||||ger||||||| 
LOK |0 035   |a (DE-2619)KrimDok#2025-11-19#37007CDA5705B2E83C311CE0C29A47C1834758B5 
LOK |0 040   |a DE-2619  |c DE-627  |d DE-2619 
LOK |0 092   |o n 
LOK |0 852   |a DE-2619 
LOK |0 852 1  |9 00 
LOK |0 935   |a zota 
LOK |0 939   |a 20-11-25  |b l01 
ORI |a SA-MARC-krimdoka001.raw